| 000 | 01623nam2a2200289 4500 | ||
|---|---|---|---|
| 001 | RU\NLR\BIBL_A\012733410 | ||
| 005 | 20220412140524.0 | ||
| 010 |
_a978-5-9275-3875-1 _bт.1 _9300 |
||
| 021 |
_aRU _bКН-П-21-086492 _9КН-П-21-6892 |
||
| 035 | _a(NLR Aleph) 012733410 | ||
| 090 |
_a12979605 _c12979605 |
||
| 100 | _a20220318d2021 k y0rusy50 ca | ||
| 101 | 0 |
_arus _deng _erus _eeng |
|
| 102 | _aRU | ||
| 105 | _aabchz|||000zy | ||
| 200 | 1 |
_aНеворобьиные _dNon-passerines _zeng |
|
| 210 | _d2021 | ||
| 215 |
_a810, [1] с. _cил., портр., карты, факс., табл. |
||
| 320 | _aБиблиогр.: с. 648-804 | ||
| 461 | 0 |
_1001RU\NLR\BIBL_A\012733405 _12001#$aПтицы Южной России$dBirds of Southern Russia$eматериалы к кадастру$eв двух томах$fВ.П. Белик$gЮжный федеральный университет [и др.]$zeng$vТ. 1 _1700#1$aБелик$bВ. П.$f1948-$gВиктор Павлович _912979590 _aБелик, В. П. (1948-) _cРостов-на-Дону _d2021 _fВ.П. Белик _lBirds of Southern Russia _nИзд-во Южного федерального университета _oматериалы к кадастру : в двух томах _tПтицы Южной России _y9785927538744 _vТ. 1 |
|
| 510 | 1 |
_aNon-passerines _zeng |
|
| 606 | 1 |
_aНеворобьиные _yРоссийская Федерация _yЕвропейская часть _yЮг _92510396 _3RU\NLR\AUTH\6601703303 |
|
| 686 | 1 | _aЕ693.352/354(2Р37) | |
| 942 | _cBOOK | ||
| 980 | _aNB | ||